Compilación de las leyes de minería de la República de Bolivia
Guardat en:
| Autor principal: | |
|---|---|
| Format: | Llibre |
| Idioma: | espanyol |
| Publicat: |
La Paz
J. Miguel Gamarra
1913
|
| Matèries: | |
| Etiquetes: |
Afegir etiqueta
Sense etiquetes, Sigues el primer a etiquetar aquest registre!
|
MARC
| LEADER | 00000nam a2200000 a 4500 | ||
|---|---|---|---|
| 001 | UCR3930 | ||
| 003 | CL-VaPUC | ||
| 008 | 980130e19130000BO |||||||||||||||||spa|d | ||
| 082 | 0 | 4 | |a 343.077 |b EST |2 21 |
| 100 | 0 | |a Estenssoro, José R |e author |9 403401 | |
| 245 | 1 | 0 | |a Compilación de las leyes de minería de la República de Bolivia |
| 300 | |a 214 p | ||
| 942 | |c BK | ||
| 945 | |d 19980130 00:00:00 |a aolguin | ||
| 260 | |a La Paz |b J. Miguel Gamarra |c 1913 | ||
| 650 | 0 | |a Derecho minero |9 257109 | |
| 650 | 0 | |a Minería |9 326008 | |
| 650 | 7 | |a LEGISLACION |2 CL-VaPUC |9 403402 | |
| 650 | 7 | |a EXPLOTACION MINERA |2 CL-VaPUC |9 394341 | |
| 650 | 0 | |a Propiedad minera |9 370030 | |
| 650 | 7 | |a RECOPILACION DE DATOS |2 CL-VaPUC |9 361814 | |
| 651 | 0 | |a Bolivia |9 255454 | |
| 583 | |a last modification |c 20170612 05:01:57 |k Rodrigo Vera | ||
| 999 | |c 266947 |d 266945 | ||
| 952 | |0 0 |1 0 |4 0 |6 343_077000000000000_EST_1913 |7 0 |8 X |9 299000 |a BIBDER |b BIBDER |d 2019-11-20 |i 1952358 |o 343.077 EST 1913 |p 1952358 |r 2023-01-25 |w 2019-11-20 |y BK_X |k DER | ||